Nový prístrešok na Panskej Javorine

Podrobná bibliografia
Hlavný autor: Minarovičová, Beáta (Author)
Médium: Článok
Jazyk:Slovak
Témy:
On-line prístup:http://www.krasy-slovenska.eu/articles/view/2130/Nov%C3%BD%20pr%C3%ADstre%C5%A1ok%20na%20Panskej%20Javorine
Zdroj: 1. Krásy Slovenska 1. Roč. 95, č. 1-2 (2018), s. 74 1. 0323-0643
LEADER 01096nab#a2200349#ar4500
001 000123521
003 SVKKK
005 20180704093304.0
008 130826c2018 xo |||||||||||||||b|slo
FMT
015 |a SNBRB2018/07 
038 |a SVKKK 
040 |a SVKKK  |b slo  |e AACR2 
041 0 |a slo 
044 |a xo  |c SK 
080 |a 796.5  |x (437.6)  |2 2011 
080 |a 728.991  |x (437.6)  |2 2011 
100 1 |a Minarovičová, Beáta  |4 aut 
245 1 0 |a Nový prístrešok na Panskej Javorine  |c Beáta Minarovičová 
300 |b Obr. 
611 2 4 |a Chodník Jozefa Dekreta Matejovie  |g turistické podujatie  |n (4. :  |d 21.10.2017 :  |c Haluzice, Slovensko) 
650 0 4 |a turistika  |x turistické trasy 
650 0 4 |a turistické príštrešky  |y 7.7.2017  |x otvorenie 
651 4 |a Panská Javorina (Slovensko) 
773 0 |t Krásy Slovenska  |g Roč. 95, č. 1-2 (2018), s. 74  |x 0323-0643 
974 |a MI 
992 |a RBX 
BAS
852 |a SVKKK  |b BIB 
856 4 1 |u http://www.krasy-slovenska.eu/articles/view/2130/Nov%C3%BD%20pr%C3%ADstre%C5%A1ok%20na%20Panskej%20Javorine 
EXP
998 |a SLO